| 000 | 00000nam 2200000zi 4500 |
| 001 | 9.936291 |
| 003 | CaOODSP |
| 005 | 20240913074445 |
| 006 | m o d f |
| 007 | cr mn||||||||| |
| 008 | 240403e202403 onc ob f000 0 eng d |
| 020 | |a9780660711430 |
| 040 | |aCaOODSP|beng|erda|cCaOODSP |
| 043 | |an-cn--- |
| 045 | |ay2y2 |
| 086 | 1 |aJ79-34/2024E-PDF |
| 245 | 00|aAudit of values and ethics / |cInternal Audit and Evaluation Division. |
| 264 | 1|a[Ottawa] : |bPublic Prosecution Service of Canada = Service des poursuites pénales du Canada, |cMarch 2024. |
| 264 | 4|c©2024 |
| 300 | |a1 online resource (7 pages) |
| 336 | |atext|btxt|2rdacontent |
| 337 | |acomputer|bc|2rdamedia |
| 338 | |aonline resource|bcr|2rdacarrier |
| 500 | |aIssued also in French under title: Audit des valeurs et de l'éthique. |
| 504 | |aIncludes bibliographical references. |
| 610 | 20|aPublic Prosecution Service of Canada|xAuditing. |
| 610 | 20|aPublic Prosecution Service of Canada|xOfficials and employees|xProfessional ethics. |
| 650 | 0|aCivil service ethics|zCanada. |
| 710 | 2 |aPublic Prosecution Service of Canada. |bInternal Audit and Evaluation Division, |eissuing body. |
| 775 | 08|tAudit des valeurs et de l'éthique / |w(CaOODSP)9.936292 |
| 856 | 40|qPDF|s384 KB|uhttps://publications.gc.ca/collections/collection_2024/sppc-ppsc/J79-34-2024-eng.pdf |
| 856 | 4 |qHTML|sN/A|uhttps://www.ppsc-sppc.gc.ca/eng/pub/ave-ave/2024/index.html |